00533nam a22001697a 4500003000400000005001700004008004100021020001500062040000900077245009000086260005300176300001100229490004300240650003400283650002000317700002600337OSt20130514171930.0130514s1995 sp ||||| |||| 00| 0 spa d a8431313366 cCDMR00a70 columnistas de la prensa españolacestudio introductorio de Fernando López Pan aPamplonabEdiciones Universidad de Navarrac1995 a116 p.0 aCiencias de la informaciónaManuales04aPeriodistesxRecull d'escrits04aPremsazEspanya1 aLópez Pan, Fernando